Threats and Challenges to the Regional Security in Central Asian Region (the Example of the Republic of Kyrgyzstan); Procedia - Social and Behavioral Sciences; Vol. 166 : Proceedings of The International Conference on Research Paradigms Transformation in Social Sciences 2014 (RPTSS-2014), 16–18 October 2014, Tomsk, Russia
| Parent link: | Procedia - Social and Behavioral Sciences Vol. 166 : Proceedings of The International Conference on Research Paradigms Transformation in Social Sciences 2014 (RPTSS-2014), 16–18 October 2014, Tomsk, Russia.— 2015.— [P. 86-90] |
|---|---|
| مؤلفون مشاركون: | , |
| مؤلفون آخرون: | , , , |
| الملخص: | Title screen The article describes main challenges and threats to the Central Asian region, including the so-called "unconventional" associated with the threat of potential access to toxic, radioactive waste and dual-use technologies in the light of the terrorist threat, growth of religious extremism, and also the presence of vulnerable elements in the export control system, on the example of Kyrgyz Republic. Режим доступа: по договору с организацией-держателем ресурса |
| اللغة: | الإنجليزية |
| منشور في: |
2015
|
| الموضوعات: | |
| الوصول للمادة أونلاين: | http://dx.doi.org/10.1016/j.sbspro.2014.12.488 http://earchive.tpu.ru/handle/11683/35372 |
| التنسيق: | MixedMaterials الكتروني فصل الكتاب |
| KOHA link: | https://koha.lib.tpu.ru/cgi-bin/koha/opac-detail.pl?biblionumber=638680 |
MARC
| LEADER | 00000nla2a2200000 4500 | ||
|---|---|---|---|
| 001 | 638680 | ||
| 005 | 20231102025001.0 | ||
| 035 | |a (RuTPU)RU\TPU\network\3072 | ||
| 035 | |a RU\TPU\network\3069 | ||
| 090 | |a 638680 | ||
| 100 | |a 20150210a2015 k y0engy50 ba | ||
| 101 | 0 | |a eng | |
| 105 | |a y z 100zy | ||
| 135 | |a drcn ---uucaa | ||
| 181 | 0 | |a i | |
| 182 | 0 | |a b | |
| 200 | 1 | |a Threats and Challenges to the Regional Security in Central Asian Region (the Example of the Republic of Kyrgyzstan) |f Yu. V. Daneykin (Daneikin) [et al.] | |
| 203 | |a Text |c electronic | ||
| 300 | |a Title screen | ||
| 320 | |a [References: р. 90-91 (19 tit.)] | ||
| 330 | |a The article describes main challenges and threats to the Central Asian region, including the so-called "unconventional" associated with the threat of potential access to toxic, radioactive waste and dual-use technologies in the light of the terrorist threat, growth of religious extremism, and also the presence of vulnerable elements in the export control system, on the example of Kyrgyz Republic. | ||
| 333 | |a Режим доступа: по договору с организацией-держателем ресурса | ||
| 461 | 0 | |0 (RuTPU)RU\TPU\network\2898 |t Procedia - Social and Behavioral Sciences | |
| 463 | 0 | |0 (RuTPU)RU\TPU\network\2900 |t Vol. 166 : Proceedings of The International Conference on Research Paradigms Transformation in Social Sciences 2014 (RPTSS-2014), 16–18 October 2014, Tomsk, Russia |f National Research Tomsk Polytechnic University (TPU) |v [P. 86-90] |d 2015 | |
| 610 | 1 | |a электронный ресурс | |
| 610 | 1 | |a труды учёных ТПУ | |
| 610 | 1 | |a Security | |
| 610 | 1 | |a religious extremism | |
| 610 | 1 | |a terrorism | |
| 610 | 1 | |a environmental threat | |
| 610 | 1 | |a export control | |
| 610 | 1 | |a безопасность | |
| 610 | 1 | |a религиозный экзистенциализм | |
| 610 | 1 | |a терроризм | |
| 610 | 1 | |a экспортный контроль | |
| 610 | 1 | |a Кыргызская Республика | |
| 701 | 1 | |a Daneykin (Daneikin) |b Yu. V. |c Physicist |c Associate Professor of Tomsk Polytechnic University, Candidate of physical and mathematical sciences |f 1978- |g Yuri Viktorovich |2 stltpush |3 (RuTPU)RU\TPU\pers\31090 | |
| 701 | 1 | |a Andreevsky |b E. | |
| 701 | 1 | |a Rogozhin |b М. | |
| 701 | 1 | |a Sernetsky |b О. | |
| 712 | 0 | 2 | |a Национальный исследовательский Томский политехнический университет (ТПУ) |b Институт социально-гуманитарных технологий (ИСГТ) |b Кафедра философии (ФИЛ) |h 39 |2 stltpush |3 (RuTPU)RU\TPU\col\18928 |
| 712 | 0 | 2 | |a Главное учебно-методическое управление высшего образования |2 stltpush |3 (RuTPU)RU\TPU\col\13844 |9 25795 |
| 801 | 2 | |a RU |b 63413507 |c 20161227 |g RCR | |
| 856 | 4 | |u http://dx.doi.org/10.1016/j.sbspro.2014.12.488 | |
| 856 | 4 | |u http://earchive.tpu.ru/handle/11683/35372 | |
| 942 | |c CF | ||